| 000 | 02143nam a2200337 c 4500 | ||
|---|---|---|---|
| 001 | 59637 | ||
| 003 | CO-BoRNBP | ||
| 005 | 20251024211802.0 | ||
| 007 | ta | ||
| 008 | 250204s2025 ck ad||gr ||| 00| 0dspa d | ||
| 020 | _a9789587927849 | ||
| 040 |
_aCO-BoRNBP _bspa _erda _cCO-BoRNBP |
||
| 041 | 0 | _aspa | |
| 082 | 0 | 4 |
_a658.11 _bP41e _223 |
| 100 |
_aPlazas Porras, Alberto _eaut _966151 |
||
| 245 | 1 | 0 |
_aEmprender con propósito / _cAlberto Plazas Porras. |
| 250 | _aEdición especial | ||
| 264 | 1 |
_aBogotá, Colombia : _bEdiciones de la U, _c2025 |
|
| 300 |
_a278 páginas : _bilustraciones, gráficas en blanco y negro |
||
| 336 |
_atexto _btxt _2rdacontent |
||
| 337 |
_asin mediación _bn _2rdamedia |
||
| 338 |
_avolumen _bnc _2rdacarrier |
||
| 520 | _aEl contenido de la obra fue desarrollado con el fin de compartir mi experiencia académica y práctica para que pueda aplicarse a situaciones de la vida real. Con un lenguaje sencillo, se presentan historias inspiradoras que revelan los secretos para convertirse en un emprendedor con propósito.En este libro se brindan los elementos para hacer frente a los retos que tiene una persona cuando decide apostar por su propio negocio, donde nada es seguro, pero todo puede ser posible. Mediante una narrativa poderosa y agradable, el lector puede identificar muchos de los problemas típicos que suelen presentarse en las primeras etapas de creación de una empresa, desde cómo encontrar inspiración para su idea de negocio, pasando por la creación de una propuesta de valor, hasta cómo lograr cruzar el valle de la muerte. Más importante aún, se estudian los conceptos para generar una mentalidad emprendedora, incluyendo el de cómo aportar valor a los clientes, cómo aprender de los errores y cómo crear un emprendimiento con propósito | ||
| 521 | _aRecomendado para un público mayor de 18 años | ||
| 545 | _aIncluye datos biográficos del autor | ||
| 650 | 0 | 7 |
_aAptitud creadora en los negocios _2LEMB _922680 |
| 650 | 0 | 7 |
_aÉxito en los negocios _2lemb _966152 |
| 650 | 0 | 7 |
_aModelos económicos _2lemb _964539 |
| 650 | 0 | 7 |
_aNuevas empresas _2lemb _965919 |
| 942 |
_2ddc _cBK |
||
| 999 |
_c59637 _d59637 |
||